| Tag |
First Indicator |
Second Indicator |
Subfields |
| LEADER |
00000cam a2200000 a 4500 |
| 001 |
in00000087423 |
| 005 |
20151008062943.0 |
| 008 |
800515s1980 vaua b 00010 eng d |
| 010 |
|
|
|a 80065053
|
| 020 |
|
|
|z 0804805004
|
| 035 |
|
|
|a (OCoLC)06323160
|
| 035 |
|
|
|9 AAK1273AM
|
| 040 |
|
|
|a CDL
|c CDL
|d TXA
|d UtOrBLW
|
| 043 |
|
|
|a n-us---
|
| 049 |
|
|
|a TXAM
|c [1655788]
|
| 090 |
|
|
|a KF3989
|b H67
|
| 100 |
1 |
|
|a Horrow, Richard B.
|
| 245 |
1 |
0 |
|a Sports violence :
|b the interaction between private lawmaking and the criminal law /
|c Richard B. Horrow ; foreword by James Vorenberg.
|
| 264 |
|
1 |
|a Arlington, Va. :
|b Carrollton Press,
|c [1980]
|
| 264 |
|
4 |
|c ©1980
|
| 300 |
|
|
|a 266 pages, 21 unnumbered pages :
|b illustrations ;
|c 24 cm.
|
| 336 |
|
|
|a text
|b txt
|2 rdacontent
|
| 337 |
|
|
|a unmediated
|b n
|2 rdamedia
|
| 338 |
|
|
|a volume
|b nc
|2 rdacarrier
|
| 490 |
1 |
|
|a Special law series
|
| 504 |
|
|
|a Bibliography: pages 251-265.
|
| 650 |
|
0 |
|a Sports
|x Law and legislation
|z United States.
|
| 650 |
|
0 |
|a Violence in sports
|z United States.
|
| 830 |
|
0 |
|a Special law series.
|
| 999 |
|
|
|a MARS
|
| 999 |
f |
f |
|s e8ecb335-e55e-363a-8b0f-6cbdb2a270bd
|i ded7e793-be7f-3e90-8e07-8a0c32090b2a
|t 0
|
| 952 |
f |
f |
|p ric
|a Texas A&M University
|b Rellis Campus
|c Joint Library Facility
|d Remote Storage
|t 0
|e KF3989 .H67
|h Library of Congress classification
|i unmediated -- volume
|m A14805976457
|
| 998 |
f |
f |
|a KF3989 .H67
|t 0
|l Remote Storage
|